000 00802cam a2200301 i 4500
001 4078
003 CO-MdFUSB
005 20240527130803.0
008 240525t1987 -us||||| |||| 00| 0 eng d
020 _a0-89693-533-7
040 _cCO-MdFUSB
041 0 _aeng
082 0 4 _224
_a233.2
_bC1983s
100 1 _aCampolo, Anthony
_eautor
245 1 0 _aSeven deadly sins
_c/ Anthony Campolo
250 _asegunda edición
264 1 _aWheaton, Illi., USA :
_bVictor Books,
_c[1978]
264 4 _c©1978
300 _a150 páginas
_c; 23 cm
336 _atexto
_btxt
_2rdacontent
337 _2rdamedia
_asin mediación
_bn
338 _2rdacarrier
_avolumen
_bnc
563 _aPasta dura
653 _aHamartologia
942 _cBK
945 _aMiguel Ángel
999 _c34693
_d34693